Представление документа в формате RUSMARC

ПолеНазваниеЗначение
  Тип записи a
  Библиографический уровень c
001 Контрольный номер RU/SLIB/B/208761613
005 Дата корректировки 20220513112645.0
010 Индекс ISBN __
a ISBN 5-98119-390-5
d Цена 69-00
101 Язык документа 0_
a Язык текста rus
c Язык оригинала rus
200 Заглавие и сведения об ответственности 1_
a Заглавие Комментарий Конституции Российской Федерации
e Сведения, относящиеся к заглавию [сб. док.]
f Первые сведения об ответственности Исслед. центр публич. права ; вступ. ст. и общ. ред. Г. А. Жилина ; сост. В. В. Калинин
b Общее обозначение материала Текст
210 Выходные данные 1_
a Место издания М.
c Издательство Омега-Л
d Дата издания 2005
215 Физическое описание __
a Объем 256 с.
327 Примечание о содержании 0_
a Примечание о содержании Конституция Российской Федерации
330 Аннотация __
a Аннотация Содержит официальный текст Конституции РФ и комментарий ее отдельных статей, основанный на материалах Верховного Суда РФ и Конституционного Суда РФ.
605 Заглавие как предмет __
a Заглавие Конституция РФ
606 Тематические рубрики __
a Основная рубрика Право
y Географическая подрубрика Россия ; Российская Федерация ; РФ
606 Тематические рубрики __
a Основная рубрика Конституционное (государственное) право в целом
610 Ключевые слова 0_
a Ключевые слова конституции; права человека; конституционный строй; федеративное устройство; президенты; судебная власть; конституционный строй
686 Индексы других классификаций __
a Классификационный индекс 67.400.11(2Рос)
702 Вторичная интеллектуальная ответственность _1
a Фамилия Калинин
b Имя В. В.
4 Код отношения Составитель
4 Код отношения 220
702 Вторичная интеллектуальная ответственность _1
a Фамилия Жилин
b Имя Г. А.
4 Код отношения Автор предисловия и т.д.
4 Код отношения 080
4 Код отношения 651
801 Источник записи _0
a Страна RU
b Организация Муниципальное бюджетное учреждение культуры "Централизованная библиотечная система" г. Сургут (Центральная городская библиотека им. А. С. Пушкина)
g Правила каталогизации КиК/Поспелова
801 Источник записи _1
a Страна RU
b Организация Муниципальное бюджетное учреждение культуры "Централизованная библиотечная система" г. Сургут (Центральная городская библиотека им. А. С. Пушкина)
g Правила каталогизации КиК/Поспелова
852 Данные о местонахождении __
j Шифр хранения 67.400.11(2Рос)
c Каталожный индекс 67.400.1(2Рос)
i Авторский знак К 63
p Инвентарный номер 05040888 ; 05040889
901 Тип документа __
t Тип документа x
903 Характеристики (МАРС) __
a Дата передачи 20050414
969 Тип издания __
a Тип издания сборник
990 Данные о заказе (DOS) __
j Количество экземпляров (DOS) 1
t N записи в КСУ для И/У (DOS) 200504